书目信息 |
| 题名: |
商末周初大变局
|
|
| 作者: | 姜越 编著 | |
| 分册: | ||
| 出版信息: | 沈阳 辽宁人民出版社 2018 |
|
| 页数: | 229页 | |
| 开本: | 24cm | |
| 丛书名: | ||
| 单 册: | ||
| 中图分类: | K221.09 | |
| 科图分类: | ||
| 主题词: | 古代史--中国--商周时代--通俗读物 | |
| 电子资源: | ||
| ISBN: | 978-7-205-09192-7 | |
| 000 | 00849nam0 2200241 450 | |
| 001 | 012001000080 | |
| 005 | 20140920091301.0 | |
| 010 | @a978-7-205-09192-7@dCNY43.80 | |
| 100 | @a20180412d2018 em y0chiy50 ea | |
| 101 | 0 | @achi |
| 102 | @aCN@b210100 | |
| 105 | @aa z 000yy | |
| 106 | @ar | |
| 200 | 1 | @a商末周初大变局@9Shang Mo Zhou Chu Da Bian Ju@f姜越编著 |
| 210 | @a沈阳@c辽宁人民出版社@d2018 | |
| 215 | @a229页@c图@d24cm | |
| 300 | @a王朝拐点系列 | |
| 330 | @a本书共分为商朝中后期那些事儿、无道暴君数纣王、周族的兴起与发展壮大、武王伐纣、周朝建立与巩固五个部分,详尽地为读者呈现了一份内容丰富的精神快餐,让人们在阅读中可以感受历史的光辉,品尝文化的韵味 | |
| 606 | 0 | @a古代史@y中国@z商周时代@j通俗读物 |
| 690 | @aK221.09@v5 | |
| 701 | 0 | @a姜越@9Jiang Yue@4编著 |
| 801 | 0 | @aCN@b上海新华@c20180901 |
| 905 | @b1040389-93@dK221.09@e37@f5 | |
| 商末周初大变局/姜越编著.-沈阳:辽宁人民出版社,2018 |
| 229页:图;24cm |
| 王朝拐点系列 |
| ISBN 978-7-205-09192-7:CNY43.80 |
| 本书共分为商朝中后期那些事儿、无道暴君数纣王、周族的兴起与发展壮大、武王伐纣、周朝建立与巩固五个部分,详尽地为读者呈现了一份内容丰富的精神快餐,让人们在阅读中可以感受历史的光辉,品尝文化的韵味 |
| ● |
| 相关链接 |
|
|
|
|
正题名:商末周初大变局
索取号:K221.09/37
 
预约/预借
| 序号 | 登录号 | 条形码 | 馆藏地/架位号 | 状态 | 备注 |
| 1 | 1040389 | 210403892 | 第二样本阅览室/ [索取号:K221.09/37] | 在馆 | |
| 2 | 1040390 | 210403909 | 第二借阅区/ [索取号:K221.09/37] | 在馆 | |
| 3 | 1040391 | 210403918 | 第二借阅区/ [索取号:K221.09/37] | 在馆 | |
| 4 | 1040392 | 210403927 | 第二借阅区/ [索取号:K221.09/37] | 在馆 | |
| 5 | 1040393 | 210403936 | 密集书库-史法系/ [索取号:K221.09/37] | 在馆 |